[Event "Satka Autumn op (Women)"]
[Site "Satka"]
[Date "2015.09.27"]
[Round "6"]
[White "Figura, Ludmila"]
[Black "Karelina, Viktoriya"]
[Result "1-0"]
[WhiteElo "2146"]
[BlackElo "1768"]
[PlyCount "79"]
[EventDate "2015.09.22"]
[EventType "swiss"]
[EventRounds "9"]
[EventCountry "RUS"]
[SourceTitle "CBM 168 Extra"]
[Source "ChessBase"]
[SourceDate "2015.10.29"]
[SourceVersion "1"]
[SourceVersionDate "2015.10.29"]
[SourceQuality "1"]

1. d4 Nf6 2. c4 g6 3. Nf3 Bg7 4. Nc3 0-0 5. h3 d6 6. e4 e5 7. d5 Nh5 8. g3 f5 9. Be2 Qe8 10. Bd2 h6 11. Nh4 Nf6 12. Qc2 fxe4 13. 0-0-0 c6 14. Nxe4 Nxe4 15. Qxe4 Nd7 16. Qxg6 Qxg6 17. Nxg6 Rxf2 18. Ne7+ Kf8 19. Nxc8 Rxe2 20. Nxd6 cxd5 21. Rhf1+ Kg8 22. cxd5 Nc5 23. Nf5 Nd3+ 24. Kb1 e4 25. Nxg7 Kxg7 26. Bc3+ Kh7 27. d6 Rd8 28. Rf7+ Kg6 29. Rg7+ Kf5 30. Rf1+ Ke6 31. Rg6+ Kd5 32. Rf5+ Kc6 33. Rxh6 Rf2 34. Rxf2 Nxf2 35. Bd4 Nd3 36. g4 Re8 37. Be3 Rf8 38. Kc2 Nb4+ 39. Kd1 Nxa2 40. g5 1-0

[Event "Satka Autumn op (Women)"]
[Site "Satka"]
[Date "2015.09.22"]
[Round "1"]
[White "Tsepilova, Serafima"]
[Black "Figura, Ludmila"]
[Result "0-1"]
[WhiteElo "1704"]
[BlackElo "2146"]
[PlyCount "100"]
[EventDate "2015.09.22"]
[EventType "swiss"]
[EventRounds "9"]
[EventCountry "RUS"]
[SourceTitle "CBM 168 Extra"]
[Source "ChessBase"]
[SourceDate "2015.10.29"]
[SourceVersion "1"]
[SourceVersionDate "2015.10.29"]
[SourceQuality "1"]

1. d4 Nf6 2. Nf3 e6 3. Bf4 b6 4. e3 Bb7 5. Nbd2 Be7 6. h3 0-0 7. Be2 d5 8. 0-0 c5 9. c3 Nc6 10. Re1 a6 11. a4 cxd4 12. exd4 Ne8 13. Bd3 Nd6 14. Ne5 Bf6 15. Qg4 g6 16. Bh6 Bg7 17. Bxg7 Kxg7 18. Nb3 a5 19. Nd2 Nf5 20. Bb5 Qd6 21. Qe2 Rfe8 22. Ndf3 f6 23. Nxc6 Bxc6 24. Qd3 g5 25. Rad1 Qd7 26. Bxc6 Qxc6 27. Ra1 Rac8 28. Red1 Nd6 29. Nd2 Qd7 30. Re1 Rc7 31. Kh1 Nc4 32. Nxc4 Rxc4 33. b3 Rc6 34. Rac1 Rec8 35. Re2 Qd6 36. Rec2 h6 37. Kg1 e5 38. dxe5 fxe5 39. Rd1 d4 40. Rdc1 Qg6 41. Qxg6+ Kxg6 42. c4 e4 43. Rd1 Rd6 44. Kf1 Kf5 45. g3 d3 46. Rcd2 Ke5 47. Kg2 Rf8 48. Re1 Kd4 49. Rdd1 Re6 50. Re3 Kc3 0-1

[Event "Satka Autumn op (Women)"]
[Site "Satka"]
[Date "2012.09.28"]
[Round "8"]
[White "Figura, Ludmila"]
[Black "Ambartsumova, Karina"]
[Result "1/2-1/2"]
[WhiteElo "2138"]
[BlackElo "2314"]
[PlyCount "80"]
[EventDate "2012.09.20"]
[EventType "swiss"]
[EventRounds "9"]
[EventCountry "RUS"]
[SourceTitle "CBM 150 Extra"]
[Source "ChessBase"]
[SourceDate "2012.10.19"]
[SourceVersion "1"]
[SourceVersionDate "2012.10.19"]
[SourceQuality "1"]

1. c4 e5 2. Nc3 Nc6 3. g3 Nf6 4. Bg2 Bc5 5. e3 d6 6. Nge2 a6 7. 0-0 0-0 8. a3 Ba7 9. d3 Ne7 10. Nd5 Ng6 11. b4 c6 12. Nxf6+ Qxf6 13. Bb2 Qe7 14. Qb3 Bg4 15. Rae1 Qd7 16. Kh1 Bh3 17. Ng1 Bxg2+ 18. Kxg2 Rfe8 19. h3 Nf8 20. Qc3 f6 21. a4 d5 22. Qb3 Red8 23. Rd1 Ne6 24. Nf3 a5 25. d4 e4 26. Nd2 axb4 27. cxd5 cxd5 28. Qxb4 Bb8 29. Ra1 Rc8 30. Qb3 Bc7 31. Bc3 b6 32. Bb4 Bd8 33. h4 Ra6 34. Nb1 Bc7 35. Nc3 Rd8 36. Nb5 Bb8 37. Rac1 Nc7 38. Nc3 Ne6 39. Nb5 Nc7 40. Nc3 Ne6 1/2-1/2

[Event "Satka Autumn op (Women)"]
[Site "Satka"]
[Date "2012.09.26"]
[Round "6"]
[White "Timofeeva, Ekaterina"]
[Black "Figura, Ludmila"]
[Result "1/2-1/2"]
[WhiteElo "2319"]
[BlackElo "2138"]
[PlyCount "82"]
[EventDate "2012.09.20"]
[EventType "swiss"]
[EventRounds "9"]
[EventCountry "RUS"]
[SourceTitle "CBM 150 Extra"]
[Source "ChessBase"]
[SourceDate "2012.10.19"]
[SourceVersion "1"]
[SourceVersionDate "2012.10.19"]
[SourceQuality "1"]

1. Nf3 c5 2. c4 Nc6 3. Nc3 e5 4. g3 g6 5. Bg2 Bg7 6. 0-0 Nge7 7. a3 0-0 8. Rb1 a5 9. Ne1 d6 10. Nc2 Be6 11. Nd5 Rb8 12. b4 b5 13. Nxe7+ Nxe7 14. bxc5 Bxc4 15. d3 Ba2 16. Rb2 Bd5 17. e4 Be6 18. Be3 dxc5 19. Bxc5 Qc7 20. Bxe7 Qxe7 21. Qd2 Qd7 22. Qxa5 Qxd3 23. Re1 Rfc8 24. Bf1 Qc3 25. Qxc3 Rxc3 26. Re3 Rc5 27. Kg2 Bh6 28. Re1 Rc3 29. Reb1 Rbc8 30. Ne1 Bc4 31. Bxc4 bxc4 32. Rb8 Rxb8 33. Rxb8+ Bf8 34. Rc8 f6 35. a4 Kf7 36. a5 Ra3 37. Rxc4 Rxa5 38. Rc7+ Be7 39. Nc2 Rc5 40. Rxc5 Bxc5 41. f4 exf4 1/2-1/2

[Event "Satka Autumn op (Women)"]
[Site "Satka"]
[Date "2012.09.24"]
[Round "4"]
[White "Figura, Ludmila"]
[Black "Goryachkina, Aleksandra"]
[Result "1/2-1/2"]
[WhiteElo "2138"]
[BlackElo "2361"]
[PlyCount "102"]
[EventDate "2012.09.20"]
[EventType "swiss"]
[EventRounds "9"]
[EventCountry "RUS"]
[SourceTitle "CBM 150 Extra"]
[Source "ChessBase"]
[SourceDate "2012.10.19"]
[SourceVersion "1"]
[SourceVersionDate "2012.10.19"]
[SourceQuality "1"]

1. d4 d5 2. c4 e6 3. Nf3 c6 4. e3 Bd6 5. Nbd2 f5 6. Bd3 Nf6 7. Qc2 Nbd7 8. cxd5 cxd5 9. 0-0 0-0 10. b3 Ne4 11. Bb2 Qf6 12. a4 g5 13. Ba3 Bxa3 14. Rxa3 g4 15. Ne1 Qe7 16. Ra1 Ndf6 17. Nxe4 fxe4 18. Be2 Kh8 19. Rc1 Bd7 20. Qd1 Rg8 21. g3 Bc6 22. Ng2 h5 23. Nf4 Raf8 24. Qc2 Nd7 25. Bb5 Rc8 26. Qb2 h4 27. b4 Kh7 28. Be2 Nf6 29. b5 Bd7 30. Rxc8 Rxc8 31. Rc1 hxg3 32. hxg3 Qd8 33. Kg2 Kg7 34. Rxc8 Qxc8 35. Qb4 Kf7 36. Qd6 b6 37. Qe5 Qg8 38. Qc7 Qc8 39. Qxa7 Qh8 40. Bxg4 Kg7 41. Nh5+ Nxh5 42. Qxd7+ Kg6 43. Bxh5+ Kxh5 44. Qxe6 Qd8 45. Qf5+ Kh6 46. g4 Qa8 47. g5+ Kh5 48. g6+ Kh6 49. Qf6 Qc8 50. Kg3 Qg4+ 51. Kh2 Qh5+ 1/2-1/2

[Event "RUS-ch (Women) 1st League 61st"]
[Site "Ivanovo"]
[Date "2011.02.25"]
[Round "5"]
[White "Galimzianova, Aliya"]
[Black "Figura, Ludmila"]
[Result "0-1"]
[WhiteElo "1929"]
[BlackElo "2181"]
[PlyCount "96"]
[EventDate "2011.02.21"]
[EventType "swiss"]
[EventRounds "9"]
[EventCountry "RUS"]
[SourceTitle "CBM 141 Extra"]
[Source "ChessBase"]
[SourceDate "2011.05.03"]
[SourceVersion "1"]
[SourceVersionDate "2011.05.03"]
[SourceQuality "1"]

1. e4 c5 2. Nf3 Nc6 3. Bb5 g6 4. Bxc6 dxc6 5. d3 Bg7 6. Nc3 e5 7. Be3 Qe7 8. h3 Nf6 9. Qd2 0-0 10. 0-0-0 Rd8 11. Nh2 b5 12. Bg5 Qe6 13. Bxf6 Bxf6 14. Ng4 Bg7 15. Kb1 a5 16. f4 exf4 17. Qxf4 a4 18. e5 h5 19. Nf6+ Bxf6 20. exf6 Qf5 21. Qh4 a3 22. Rhf1 Qe5 23. Rde1 Qd6 24. g4 c4 25. gxh5 cxd3 26. Rd1 dxc2+ 27. Kxc2 Qh2+ 28. Qf2 Bf5+ 29. Kc1 Rxd1+ 30. Nxd1 axb2+ 31. Qxb2 Rxa2 32. Qxh2 Rxh2 33. Ne3 Bxh3 34. Rg1 Re2 35. Rg3 Be6 36. Kd1 Rf2 37. hxg6 Rxf6 38. gxf7+ Kxf7 39. Nc2 Ke7 40. Nb4 Kd6 41. Rc3 c5 42. Rd3+ Ke5 43. Nc6+ Ke4 44. Rg3 Bd5 45. Ne7 Kd4 46. Rg4+ Be4 47. Rg8 b4 48. Rb8 Kc3 0-1

[Event "Zudov Memorial-B 6th"]
[Site "Nizhnij Tagil"]
[Date "2010.07.03"]
[Round "8"]
[White "Suslova, Alena"]
[Black "Figura, Ludmila"]
[Result "1-0"]
[WhiteElo "2220"]
[BlackElo "2177"]
[PlyCount "83"]
[EventDate "2010.06.25"]
[EventType "tourn"]
[EventRounds "9"]
[EventCountry "RUS"]
[SourceTitle "EXT 2011"]
[Source "ChessBase"]
[SourceDate "2010.11.26"]
[SourceVersion "1"]
[SourceVersionDate "2010.11.26"]
[SourceQuality "1"]

1. c4 c5 2. Nc3 Nc6 3. g3 Nf6 4. Bg2 d6 5. e3 Bg4 6. Nge2 g6 7. 0-0 Bg7 8. d4 cxd4 9. exd4 0-0 10. h3 Bf5 11. Be3 a6 12. Qd2 Qc7 13. Rac1 Rad8 14. f4 h5 15. b3 Qd7 16. Kh2 Kh7 17. d5 Nb4 18. Nd4 Nd3 19. Nxf5 Qxf5 20. Rcd1 Nc5 21. Ne2 Nfe4 22. Qc1 a5 23. Nd4 Qd7 24. Qc2 Nf6 25. f5 Rc8 26. a3 Bh6 27. fxg6+ fxg6 28. Bxh6 Kxh6 29. Qd2+ Kh7 30. Qxa5 Nfe4 31. Bxe4 Nxe4 32. Ne6 Rf6 33. Qe1 Nc5 34. Nxc5 Rxc5 35. Rxf6 exf6 36. Qe6 Qg7 37. Qxd6 Rc7 38. Re1 Rf7 39. Qe6 f5 40. Qe5 Qh6 41. Qe6 Kg7 42. Qe3 1-0

[Event "Verkhnya Salda-ch"]
[Site "Verkhnya Salda"]
[Date "2010.03.14"]
[Round "11"]
[White "Figura, Ludmila"]
[Black "Chashchin, Mikhail"]
[Result "1/2-1/2"]
[WhiteElo "2188"]
[BlackElo "2315"]
[PlyCount "119"]
[EventDate "2010.02.13"]
[EventType "tourn"]
[EventRounds "11"]
[EventCountry "RUS"]
[SourceTitle "EXT 2022"]
[Source "ChessBase"]
[SourceDate "2021.10.06"]
[SourceVersion "1"]
[SourceVersionDate "2021.10.06"]
[SourceQuality "1"]

1. d4 d5 2. Nf3 Nf6 3. c4 c6 4. Nc3 dxc4 5. a4 Bg4 6. e3 e5 7. Bxc4 exd4 8. Qxd4 Nbd7 9. Ne5 Nxe5 10. Qxe5+ Qe7 11. Qxe7+ Bxe7 12. f3 Be6 13. Bxe6 fxe6 14. e4 e5 15. Be3 a5 16. Ke2 Kf7 17. Rhd1 Rhd8 18. g3 Ke6 19. f4 g6 20. Rf1 exf4 21. gxf4 Bb4 22. Kf3 Rd3 23. Rfd1 Rad8 24. Rxd3 Rxd3 25. Rd1 Rxd1 26. Nxd1 b5 27. axb5 cxb5 28. Bd4 Nd7 29. Ne3 Bc5 30. f5+ gxf5 31. exf5+ Kd6 32. Ke4 Bxd4 33. Kxd4 Ne5 34. Ke4 a4 35. Nd5 Nc4 36. Nc3 Nxb2 37. Nxb5+ Ke7 38. Kd4 Kf6 39. Kc3 Nd1+ 40. Kb4 Kxf5 41. Kxa4 Kg4 42. Kb3 Ne3 43. Kc3 Nf1 44. Kd3 Nxh2 45. Ke2 Kg3 46. Nd4 h5 47. Nf5+ Kf4 48. Nh4 Kg4 49. Ng2 Kg3 50. Ne3 Ng4 51. Nf5+ Kg2 52. Nh4+ Kg3 53. Nf5+ Kf4 54. Nh4 Ne5 55. Kf2 Kg4 56. Ng2 Nd3+ 57. Kf1 Kg3 58. Kg1 Nc1 59. Kf1 Ne2 60. Ne3 1/2-1/2

[Event "Verkhnya Salda-ch"]
[Site "Verkhnya Salda"]
[Date "2010.03.07"]
[Round "9"]
[White "Figura, Ludmila"]
[Black "Berezov, Vladimir"]
[Result "1-0"]
[WhiteElo "2188"]
[BlackElo "2086"]
[PlyCount "93"]
[EventDate "2010.02.13"]
[EventType "tourn"]
[EventRounds "11"]
[EventCountry "RUS"]
[SourceTitle "EXT 2022"]
[Source "ChessBase"]
[SourceDate "2021.10.06"]
[SourceVersion "1"]
[SourceVersionDate "2021.10.06"]
[SourceQuality "1"]

1. d4 d5 2. Nf3 Nf6 3. c4 c6 4. Nc3 e6 5. Bg5 Bd6 6. e3 0-0 7. Bd3 Nbd7 8. 0-0 h6 9. Bh4 b6 10. e4 dxe4 11. Nxe4 Be7 12. Qe2 Bb7 13. Rfd1 Re8 14. Rac1 Nxe4 15. Bxe7 Ng3 16. hxg3 Qxe7 17. Bb1 c5 18. dxc5 Nxc5 19. Ne5 Rad8 20. b4 Nd7 21. Qc2 Nf6 22. Ng4 g6 23. Nxf6+ Qxf6 24. c5 bxc5 25. bxc5 Rxd1+ 26. Rxd1 Bd5 27. c6 Rc8 28. c7 Qe7 29. Rc1 h5 30. Qc3 h4 31. Bd3 Bb7 32. gxh4 Qd6 33. Bf1 Kf8 34. a4 Ke7 35. a5 a6 36. Be2 Kd7 37. Rd1 Bd5 38. Qf6 Rxc7 39. Qxf7+ Qe7 40. Qxg6 Qxh4 41. Bxa6 Qa4 42. Qg7+ Kd6 43. Qa1 Qg4 44. Bf1 Rc2 45. a6 Ke7 46. Rxd5 exd5 47. a7 1-0

[Event "Verkhnya Salda-ch"]
[Site "Verkhnya Salda"]
[Date "2010.02.28"]
[Round "6"]
[White "Figura, Aleksandar"]
[Black "Figura, Ludmila"]
[Result "0-1"]
[WhiteElo "2002"]
[BlackElo "2188"]
[PlyCount "62"]
[EventDate "2010.02.13"]
[EventType "tourn"]
[EventRounds "11"]
[EventCountry "RUS"]
[SourceTitle "EXT 2022"]
[Source "ChessBase"]
[SourceDate "2021.10.06"]
[SourceVersion "1"]
[SourceVersionDate "2021.10.06"]
[SourceQuality "1"]

1. e4 c5 2. Nf3 Nc6 3. Bb5 g6 4. Bxc6 dxc6 5. d3 Bg7 6. h3 Nf6 7. Nc3 0-0 8. Be3 b6 9. Qd2 e5 10. Bh6 Qd6 11. 0-0-0 a5 12. Bxg7 Kxg7 13. g4 a4 14. Ne2 b5 15. Ng3 b4 16. Qg5 Re8 17. Nd2 a3 18. bxa3 h6 19. Qe3 Be6 20. Nb3 Rxa3 21. Qxc5 Qb8 22. Kb2 Nd7 23. Qe3 Nb6 24. Ra1 c5 25. Kc1 c4 26. dxc4 Nxc4 27. Qe1 Qa7 28. Qxb4 Qxf2 29. Nf5+ gxf5 30. gxf5 Rc8 31. fxe6 Ne3 0-1

[Event "Verkhnya Salda-ch"]
[Site "Verkhnya Salda"]
[Date "2010.02.13"]
[Round "1"]
[White "Androsenko, Igor"]
[Black "Figura, Ludmila"]
[Result "0-1"]
[WhiteElo "1991"]
[BlackElo "2188"]
[PlyCount "42"]
[EventDate "2010.02.13"]
[EventType "tourn"]
[EventRounds "11"]
[EventCountry "RUS"]
[SourceTitle "EXT 2022"]
[Source "ChessBase"]
[SourceDate "2021.10.06"]
[SourceVersion "1"]
[SourceVersionDate "2021.10.06"]
[SourceQuality "1"]

1. c4 Nf6 2. Nc3 c5 3. g3 Nc6 4. Bg2 d6 5. Nf3 g6 6. 0-0 Bg7 7. a3 0-0 8. Rb1 a5 9. d3 e5 10. Bd2 Be6 11. Ng5 Bf5 12. e4 Bg4 13. f3 Bd7 14. Nb5 Ne8 15. h4 Qc8 16. Kh2 a4 17. f4 Nd4 18. Nxd4 cxd4 19. Bh3 Nf6 20. Bb4 Bxh3 21. Nxh3 Ng4+ 0-1

[Event "Verkhnya Salda-ch op"]
[Site "Verkhnya Salda"]
[Date "2009.11.19"]
[Round "7"]
[White "Figura, Ludmila"]
[Black "Okulov, Alexander"]
[Result "1-0"]
[WhiteElo "2203"]
[BlackElo "2206"]
[PlyCount "73"]
[EventDate "2009.10.22"]
[EventType "swiss"]
[EventRounds "9"]
[EventCountry "RUS"]
[SourceTitle "EXT 2022"]
[Source "ChessBase"]
[SourceDate "2021.10.06"]
[SourceVersion "1"]
[SourceVersionDate "2021.10.06"]
[SourceQuality "1"]

1. d4 d6 2. c4 g6 3. Nc3 Bg7 4. Nf3 Nc6 5. e4 Bg4 6. Be3 e5 7. d5 Nce7 8. Be2 Nf6 9. 0-0 0-0 10. c5 Ne8 11. Rc1 a6 12. cxd6 Nxd6 13. Ne1 Bxe2 14. Qxe2 Rc8 15. Nd3 c6 16. dxc6 Nxc6 17. b3 Nd4 18. Qb2 f5 19. exf5 gxf5 20. Bxd4 exd4 21. Ne2 Nb5 22. Nef4 Qd6 23. Rce1 Rfe8 24. b4 Re4 25. Qb3+ Kh8 26. g3 Rc3 27. Qf7 Qf6 28. Qxb7 Qc6 29. Qf7 Nd6 30. Qh5 Qb5 31. Nc5 Rxe1 32. Rxe1 d3 33. Ncxd3 Ne4 34. Qf7 Rc8 35. a4 Qxa4 36. Qxf5 Nd2 37. Qxc8+ 1-0

[Event "Verkhnya Salda-ch op"]
[Site "Verkhnya Salda"]
[Date "2009.11.15"]
[Round "6"]
[White "Tretyakov, Evgeny"]
[Black "Figura, Ludmila"]
[Result "1/2-1/2"]
[WhiteElo "2215"]
[BlackElo "2203"]
[PlyCount "112"]
[EventDate "2009.10.22"]
[EventType "swiss"]
[EventRounds "9"]
[EventCountry "RUS"]
[SourceTitle "EXT 2022"]
[Source "ChessBase"]
[SourceDate "2021.10.06"]
[SourceVersion "1"]
[SourceVersionDate "2021.10.06"]
[SourceQuality "1"]

1. d4 Nf6 2. Nf3 e6 3. Bg5 h6 4. Bh4 c5 5. e3 Qb6 6. b3 Nc6 7. c3 d5 8. Nbd2 Be7 9. Bd3 0-0 10. 0-0 cxd4 11. exd4 Qc7 12. Re1 Rb8 13. b4 Nd7 14. Bxe7 Nxe7 15. Rc1 Nb6 16. Ne5 Nc6 17. Ndf3 Nxe5 18. Nxe5 Nc4 19. Nxc4 dxc4 20. Bb1 b5 21. Qc2 g6 22. Re5 Bb7 23. Rce1 Bd5 24. h4 f5 25. Qd2 Kg7 26. f4 Qd8 27. Qf2 Kf7 28. Bc2 h5 29. Bd1 Re8 30. g3 Qd7 31. Bf3 Rbd8 32. Bg2 Qc6 33. Ra1 Ra8 34. a4 a6 35. Re2 bxa4 36. Rb2 Reb8 37. Bxd5 exd5 38. Qc2 a5 39. b5 Rxb5 40. Qxa4 Rab8 41. Raa2 Qe8 42. Re2 Rb1+ 43. Kf2 Qxa4 44. Rxa4 R8b5 45. Rea2 R1b2+ 46. Ke3 Rxa2 47. Rxa2 Ke7 48. Kd2 Kd6 49. Kc2 Kc6 50. Ra1 Kb6 51. Re1 a4 52. Re6+ Ka5 53. Re8 Rb3 54. Rd8 Kb6 55. Ra8 Ra3 56. Kb2 Rb3+ 1/2-1/2

[Event "Verkhnya Salda-ch op"]
[Site "Verkhnya Salda"]
[Date "2009.10.29"]
[Round "4"]
[White "Yaschenko, Yury"]
[Black "Figura, Ludmila"]
[Result "1-0"]
[WhiteElo "1971"]
[BlackElo "2203"]
[PlyCount "183"]
[EventDate "2009.10.22"]
[EventType "swiss"]
[EventRounds "9"]
[EventCountry "RUS"]
[SourceTitle "EXT 2022"]
[Source "ChessBase"]
[SourceDate "2021.10.06"]
[SourceVersion "1"]
[SourceVersionDate "2021.10.06"]
[SourceQuality "1"]

1. d4 Nf6 2. Nf3 e6 3. c4 d5 4. e3 c6 5. Nc3 Bd6 6. cxd5 exd5 7. Be2 0-0 8. Ne5 Ne4 9. Nxe4 dxe4 10. Nc4 Bc7 11. a4 Qg5 12. g3 Nd7 13. f4 exf3 14. Bxf3 Nf6 15. e4 Bxg3+ 16. hxg3 Qxg3+ 17. Kd2 Rd8 18. Kc2 Qf2+ 19. Kc3 Bg4 20. Bxg4 Nxe4+ 21. Kb3 Rxd4 22. Qe2 b5 23. axb5 cxb5 24. Ne3 Qg3 25. Qh2 Nc5+ 26. Ka2 Qxh2 27. Rxh2 Re8 28. Kb1 a6 29. Rc2 Nb3 30. Ra3 Nxc1 31. Rxc1 g6 32. Rc8 Kf8 33. Rxe8+ Kxe8 34. Rxa6 h5 35. Be2 b4 36. Kc2 Kf8 37. Bc4 Kg7 38. Ra7 Rf4 39. Kd3 h4 40. Nd5 Rf2 41. Nxb4 Rxb2 42. Rxf7+ Kh6 43. Nc2 Rb6 44. Ne3 Kg5 45. Rh7 Rb2 46. Ke4 Rf2 47. Be6 Rf4+ 48. Kd3 Ra4 49. Ng2 Kf6 50. Bc4 g5 51. Rh6+ Kg7 52. Re6 Ra3+ 53. Ke2 Rc3 54. Bd5 Rc5 55. Be4 Kf7 56. Rd6 Re5 57. Kf3 Ra5 58. Ne3 Ke7 59. Rh6 Kf7 60. Nf5 Re5 61. Ne3 Kg7 62. Rc6 Kf7 63. Rc7+ Kf8 64. Nf5 h3 65. Ng3 Re7 66. Rc2 Ra7 67. Kg4 Ke7 68. Kxh3 Kd6 69. Kg4 Ra3 70. Rc6+ Ke5 71. Rc5+ Kd4 72. Rd5+ Kc4 73. Rxg5 Ra7 74. Kf4 Rf7+ 75. Nf5 Ra7 76. Rg2 Ra3 77. Ne3+ Kb5 78. Rc2 Ra1 79. Ke5 Rg1 80. Kd4 Kb6 81. Rc6+ Kb5 82. Rc7 Kb6 83. Rb7+ Ka6 84. Rb2 Rc1 85. Nc4 Rg1 86. Kc5 Rg5+ 87. Bd5 Ka7 88. Rb7+ Ka6 89. Rb8 Rg7 90. Nd6 Ra7 91. Bc6 Rg7 92. Ra8+ 1-0

[Event "Verkhnya Salda-ch op"]
[Site "Verkhnya Salda"]
[Date "2009.10.22"]
[Round "1"]
[White "Figura, Ludmila"]
[Black "Teluk, Sergey"]
[Result "0-1"]
[WhiteElo "2203"]
[BlackElo "1717"]
[PlyCount "114"]
[EventDate "2009.10.22"]
[EventType "swiss"]
[EventRounds "9"]
[EventCountry "RUS"]
[SourceTitle "EXT 2022"]
[Source "ChessBase"]
[SourceDate "2021.10.06"]
[SourceVersion "1"]
[SourceVersionDate "2021.10.06"]
[SourceQuality "1"]

1. d4 d5 2. Nf3 c6 3. c4 e6 4. e3 Nf6 5. Nc3 Be7 6. Bd3 Nbd7 7. 0-0 0-0 8. Qc2 Re8 9. b3 Nf8 10. Bb2 Ng6 11. Rfd1 Qc7 12. e4 dxc4 13. bxc4 e5 14. d5 Bg4 15. Be2 Nf4 16. Rac1 Rac8 17. h3 Bh5 18. Nh2 Nxe2+ 19. Nxe2 cxd5 20. exd5 Bd6 21. Nf1 Qxc4 22. Qf5 Bg6 23. Rxc4 Bxf5 24. Ne3 Bd7 25. Rdc1 b5 26. Rxc8 Rxc8 27. Kf1 Ne4 28. Rxc8+ Bxc8 29. Nc3 Nxc3 30. Bxc3 f5 31. Ke1 g6 32. Kd2 Kf7 33. Nc2 Bb7 34. Ne3 h5 35. g3 f4 36. Nc2 fxg3 37. fxg3 Bxd5 38. a3 Ke6 39. Nb4 Bg2 40. h4 e4 41. Ke3 Bxg3 42. Nc6 a6 43. Nb4 a5 44. Nc2 b4 45. axb4 axb4 46. Bxb4 Bxh4 47. Nd4+ Kd5 48. Ne2 Bg5+ 49. Kf2 Bf3 50. Ng3 Bh4 51. Ba5 Kd4 52. Bb6+ Kd3 53. Bc7 Bg4 54. Bf4 g5 55. Bc7 e3+ 56. Ke1 e2 57. Be5 Ke3 0-1

[Event "Gornozavodsk-ch 8th okrug op"]
[Site "Nizhnij Tagil"]
[Date "2007.07.31"]
[Round "7"]
[White "Figura, Ludmila"]
[Black "Potapenko, Tamara"]
[Result "1-0"]
[WhiteElo "2199"]
[BlackElo "1806"]
[PlyCount "55"]
[EventDate "2007.07.24"]
[EventType "swiss"]
[EventRounds "9"]
[EventCountry "RUS"]
[SourceTitle "EXT 2022"]
[Source "ChessBase"]
[SourceDate "2021.10.06"]
[SourceVersion "1"]
[SourceVersionDate "2021.10.06"]
[SourceQuality "1"]

1. d4 d5 2. Nf3 Nf6 3. c4 c6 4. g3 a6 5. Bg2 b5 6. cxd5 cxd5 7. 0-0 e6 8. Bf4 Nc6 9. Nbd2 Be7 10. Rc1 Bb7 11. Nb3 Nd7 12. Ne5 Ncxe5 13. Bxe5 Nxe5 14. dxe5 Qb6 15. Qd2 a5 16. Nd4 0-0 17. e3 Rfc8 18. Rfd1 Rc5 19. Bf1 Ba6 20. Rxc5 Bxc5 21. Nb3 Bb4 22. Qd4 Qd8 23. e4 Qe7 24. exd5 exd5 25. Qxd5 Rb8 26. a3 a4 27. Nd4 Rd8 28. Nc6 1-0

[Event "Gornozavodsk-ch 8th okrug op"]
[Site "Nizhnij Tagil"]
[Date "2007.07.27"]
[Round "4"]
[White "Pogromsky, Mikhail"]
[Black "Figura, Ludmila"]
[Result "1-0"]
[WhiteElo "2415"]
[BlackElo "2199"]
[PlyCount "39"]
[EventDate "2007.07.24"]
[EventType "swiss"]
[EventRounds "9"]
[EventCountry "RUS"]
[SourceTitle "EXT 2022"]
[Source "ChessBase"]
[SourceDate "2021.10.06"]
[SourceVersion "1"]
[SourceVersionDate "2021.10.06"]
[SourceQuality "1"]

1. d4 Nf6 2. Nf3 e6 3. g3 b6 4. Bg2 Bb7 5. 0-0 Be7 6. c4 0-0 7. d5 exd5 8. Nh4 c6 9. cxd5 Nxd5 10. Nf5 Nf6 11. e4 d5 12. Nc3 dxe4 13. Nxe4 Nbd7 14. Bg5 Nd5 15. Nxe7+ Nxe7 16. Nd6 Ba6 17. Re1 Nf6 18. Bxf6 gxf6 19. Rxe7 Qxe7 20. Qg4+ 1-0

[Event "Gornozavodsk-ch 8th okrug op"]
[Site "Nizhnij Tagil"]
[Date "2007.07.25"]
[Round "2"]
[White "Konovalov, Aleksei"]
[Black "Figura, Ludmila"]
[Result "1/2-1/2"]
[WhiteElo "2219"]
[BlackElo "2199"]
[PlyCount "114"]
[EventDate "2007.07.24"]
[EventType "swiss"]
[EventRounds "9"]
[EventCountry "RUS"]
[SourceTitle "EXT 2022"]
[Source "ChessBase"]
[SourceDate "2021.10.06"]
[SourceVersion "1"]
[SourceVersionDate "2021.10.06"]
[SourceQuality "1"]

1. e4 c5 2. Nf3 Nc6 3. d4 cxd4 4. Nxd4 Nf6 5. Nc3 e5 6. Ndb5 d6 7. Bg5 a6 8. Na3 b5 9. Nd5 Be7 10. Bxf6 Bxf6 11. c3 Bg5 12. g3 0-0 13. Bg2 Be6 14. 0-0 Rb8 15. Nc2 a5 16. Nce3 g6 17. a4 f5 18. exf5 gxf5 19. f4 Bh6 20. axb5 Rxb5 21. Qa4 Qb8 22. Rad1 e4 23. Nc7 Qxc7 24. Qxb5 Rb8 25. Qe2 Ne7 26. g4 Qc5 27. Kh1 Bb3 28. Rde1 Ng6 29. Nxf5 Bxf4 30. Ne7+ Nxe7 31. Rxf4 d5 32. g5 Ng6 33. Rf6 Bc4 34. Qg4 Qe7 35. Bh3 Ne5 36. Qh5 Rf8 37. Be6+ Kh8 38. Qh6 Re8 39. b3 Bd3 40. Rg1 e3 41. Bxd5 e2 42. Qh4 Ng6 43. Qd4 Qe5 44. Re1 Rd8 45. Qxd3 Qxg5 46. Rxg6 hxg6 47. Qxe2 Qxd5+ 48. Qe4 Qxe4+ 49. Rxe4 Rd1+ 50. Kg2 Rb1 51. b4 axb4 52. Rxb4 Rc1 53. Rc4 Kg7 54. Rc5 Kh6 55. h4 Kg7 56. Rc6 Kf7 57. c4 Rc3 1/2-1/2

[Event "RUS-ch U16 Girls"]
[Site "Dagomys"]
[Date "2004.04.??"]
[Round "4"]
[White "Figura, Ludmila"]
[Black "Korotkova, Ekaterina"]
[Result "1-0"]
[WhiteElo "2191"]
[BlackElo "2049"]
[PlyCount "60"]
[EventDate "2004.04.??"]
[EventType "swiss"]
[EventRounds "10"]
[EventCountry "RUS"]
[SourceTitle "EXT 2005"]
[Source "ChessBase"]
[SourceDate "2004.11.15"]
[SourceVersion "1"]
[SourceVersionDate "2004.11.15"]
[SourceQuality "1"]

1. d4 Nf6 2. Nf3 g6 3. c4 Bg7 4. Nc3 0-0 5. Bg5 c5 6. d5 h6 7. Bh4 d6 8. h3 a6 9. e3 Qa5 10. Nd2 Nbd7 11. Nb3 Qc7 12. a4 Re8 13. Be2 Nf8 14. Bg3 Bf5 15. 0-0 Rad8 16. a5 e6 17. Na4 e5 18. Bh2 g5 19. f4 exf4 20. exf4 Qe7 21. fxg5 Qe3+ 22. Kh1 Qxg5 23. Bf4 Qg6 24. Rc1 N8h7 25. Nd2 Ng5 26. Nf3 Nxf3 27. Bxf3 Bd3 28. Re1 Ne4 29. Bxe4 Bxe4 30. Qd2 Qf5 1-0

[Event "RUS-ch U20 Girls"]
[Site "Samara"]
[Date "2004.03.10"]
[Round "9"]
[White "Figura, Ludmila"]
[Black "Gunina, Valentina"]
[Result "0-1"]
[WhiteElo "2191"]
[BlackElo "2299"]
[PlyCount "90"]
[EventDate "2004.03.??"]
[EventType "swiss"]
[EventRounds "11"]
[EventCountry "RUS"]
[SourceTitle "EXT 2005"]
[Source "ChessBase"]
[SourceDate "2004.11.15"]
[SourceVersion "1"]
[SourceVersionDate "2004.11.15"]
[SourceQuality "1"]

1. c4 c6 2. Nf3 d5 3. g3 Nf6 4. Bg2 e6 5. 0-0 Be7 6. d4 0-0 7. Bf4 Nbd7 8. Nc3 dxc4 9. a4 Nd5 10. e4 Nxf4 11. gxf4 Nf6 12. Qe2 Bb4 13. Rfd1 Nh5 14. Qe3 Bxc3 15. bxc3 Qf6 16. Ne5 Nxf4 17. Bf3 Qh4 18. Nxc4 Nh3+ 19. Kf1 b6 20. Ne5 Ba6+ 21. Kg2 Ng5 22. Kh1 f6 23. Nd3 Nh3 24. Ra2 f5 25. e5 f4 26. Qe2 Ng5 27. Rg1 Bc4 28. Rg4 Qh6 29. Rxg5 Qxg5 30. Ra1 Qg6 31. Be4 f3 32. Bxg6 fxe2 33. Be4 Bxd3 34. Bxd3 Rxf2 35. Re1 Rf1+ 36. Rxf1 exf1Q+ 37. Bxf1 c5 38. Bc4 Re8 39. Kg2 Kf7 40. Kf3 cxd4 41. cxd4 Rc8 42. Bd3 Rc3 43. Ke4 Ra3 44. Bc2 Rh3 45. d5 Rh4+ 0-1